ANATOMICKÁ A MORFOLOGICKÁ VARIABILITA IHLÍC BOROVICE SOSNY ZO ŠVÉDSKYCH PROVENIENCIÍ

Bibliographic Details
Main Author: Paule, Ladislav, 1947- (Author)
Other Authors: Balacenková, K. (Translator), Paška, J. (Translator), Šepetková, M. (Translator)
Format: Article
Language:Slovak

MARC

LEADER 00000nab a2200000 a 4500
001 vtls011132889
003 SK-MaSNL
005 20260303151052.0
008 230222|1971 xo |||||||||||||||||slo|
015 |a SNBRB 
035 |a (uuid)785231ed-a93d-4c6f-9dea-ee14c946b1aa 
035 |a (urnnbn)urn:nbn:sk:snk:ar-a09n15 
035 |a urn:nbn:sk:snk-abaamf 
040 |a SNKBUCL  |b slo  |c SNKBUCL  |e AACR2 
041 0 |a slo 
044 |a xo  |c SK 
100 1 |a Paule, Ladislav,  |d 1947-  |4 aut  |9 243789 
245 1 0 |a ANATOMICKÁ A MORFOLOGICKÁ VARIABILITA IHLÍC BOROVICE SOSNY ZO ŠVÉDSKYCH PROVENIENCIÍ  |c Ladislav Paule, K. Balacenková, J. Paška, M. Šepetková 
700 1 |a Balacenková, K.  |4 trl  |9 398408 
700 1 |a Paška, J.  |4 trl  |9 662221 
700 1 |a Šepetková, M.  |4 trl  |9 1169967 
773 0 |t Zborník vedeckých prác Lesníckej fakulty Vysokej školy lesníckej a drevárskej vo Zvolene  |g Roč. 13, č. 1 (1971), s. 111-128 
954 |a odborná, vedecká literatúra pôvodná (slovenská)  |2 lita 
958 |a OND 
958 |a EUIPO 
958 |a article13 
999 |c 2015685  |d 2017615